Normal view MARC view

Entry Personal Name

Number of records used in: 1

001 - CONTROL NUMBER

  • control field: 60314

003 - CONTROL NUMBER IDENTIFIER

  • control field: OSt

005 - DATE AND TIME OF LATEST TRANSACTION

  • control field: 20260429144059.0

008 - FIXED-LENGTH DATA ELEMENTS

  • fixed length control field: 260429|| aca||aabn | a|a d

040 ## - CATALOGING SOURCE

  • Original cataloging agency: OSt
  • Transcribing agency: OSt

100 ## - HEADING--PERSONAL NAME

  • Personal name: Bhaskar, Anurag

670 ## - SOURCE DATA FOUND

  • Source citation: Work cat.: (OSt): Bhaskar, Anurag, The academician as leader: The life of Upendra Baxi

Powered by Koha